Datum a čas kvízu
38
Celkem bodů
Celkový počet nahraných bodů na tomto kvízu bez doplňovacích otázek.
1.
Pořadí na kvízu
Konečné umístění týmu na tomto kvízu.
Zaznamenané odpovědi
| # | Otázka | Odpověď | Body | Výsledky |
|---|---|---|---|---|
| 1. | Ve středu ve 12 hodin jsme se... | zkouška sirén | 1 | |
| 2. | Ruské úřady zadržely tři školá... | C) sněhovými koulemi uhasili věčný oheň u památníku | 0 | |
| 3. | Ve čtvrtek měl v českých kinec... | Nosferatu | 1 | |
| 4. | Ve čtvrtek byla v pražských Št... | Lidl | 1 | |
| 5. | V neděli byl oficiálně oznámen... | SK Slavia Praha, Tottenham Hotspur FC | 1 | |
| 6. | Z historie se zdá, že Američan... | Dwight Eisenhower | 1 | |
| 7. | Stanford Strickland je filmová... | Návrat do budoucnosti | 1 | |
| 8. | Napište jméno zobrazeného herc... | Terry Crews | 1 | |
| 9. | Lebkouni ze stejnojmenného fil... | A | 0 | |
| 10. | Přiřaďte tyto lysé filmové hrd... | 1B 2D 3C 4A | 0 |